Countries Bordering Countries Bordering Colombia - Sudden Death - Statistics

General Stats
  • This quiz has been taken 36 times
  • The average score is 5 of 9
Answers on the Grid
Answers color-coded by a green-red scale on the quiz's grid according to % correct below.
Argentina
Bolivia
Brazil
Chile
Costa Rica
Ecuador
El Salvador
France
Guyana
Honduras
Mexico
Netherlands
Nicaragua
Panama
Paraguay
Peru
Suriname
United Kingdom
Uruguay
Venezuela
 
Answer Stats
Answer % Correct
Argentina
78%
Bolivia
66%
Costa Rica
66%
Chile
59%
Guyana
59%
France
53%
Suriname
53%
Uruguay
38%
Paraguay
38%
No matching quizzes found
Score Distribution
Percent of People with Each Score
Percentile by Number Answered
Your Score History
You have not taken this quiz